Sports Quiz

Random Sports or NCAA Quiz

NCAA Losing Coaches Quiz Stats

 Plays Quiz not verified by Sporcle

Score 0/74 Timer 08:00
0 Plays Today
Tournament Year Coach Name % Correct
1970Joe Williams
99%
1991Roy Williams
99%
2003Roy Williams
99%
2012Bill Self
99%
2008John Calipari
98%
2009Tom Izzo
98%
1987Jim Boeheim
97.1%
1996Jim Boeheim
97.1%
1968Dean Smith
96.1%
1977Dean Smith
96.1%
1981Dean Smith
96.1%
1982John Thompson
95.1%
1985John Thompson
95.1%
2007Thad Matta
93.1%
1992Steve Fisher
92.2%
1993Steve Fisher
92.2%
1997Rick Pitino
92.2%
2001Lute Olson
91.2%
1995Nolan Richardson
90.2%
2000Billy Donovan
90.2%
1998Rick Majerus
87.3%
1966Adolph Rupp
86.3%
2005Bruce Weber
85.3%
2002Mike Davis
84.3%
1986Mike Krzyzewski
83.3%
1990Mike Krzyzewski
83.3%
1994Mike Krzyzewski
83.3%
1999Mike Krzyzewski
83.3%
2010Brad Stevens
83.3%
2011Brad Stevens
83.3%
2006Ben Howland
81.4%
2004Paul Hewitt
77.5%
1944Earl Brown
74.5%
1980Larry Brown
74.5%
1952Frank McGuire
73.5%
1974Al McGuire
73.5%
1989P.J. Carlesimo
68.6%
Tournament Year Coach Name % Correct
1975Joe B. Hall
64.7%
1940Phog Allen
61.8%
1953Phog Allen
61.8%
1983Guy Lewis
60.8%
1984Guy Lewis
60.8%
1988Billy Tubbs
57.8%
1949Henry Iba
55.9%
1960Pete Newell
37.3%
1961Fred Taylor
36.3%
1962Fred Taylor
36.3%
1976Johnny Orr
28.4%
1978Bill Foster
28.4%
1939Harold Olsen
27.5%
1963Ed Jucker
26.5%
1973Gene Bartow
21.6%
1964Vic Bubas
19.6%
1979Bill Hodges
14.7%
1950Forddy Anderson
10.8%
1954Forddy Anderson
10.8%
1972Hugh Durham
10.8%
1967Dan Donoher
9.8%
1969George King
8.8%
1965Dave Strack
7.8%
1959Fred Schaus
5.9%
1971Jack Kraft
5.9%
1957Dick Harp
3.9%
1955Ken Loeffler
2.9%
1956Bucky O'Connor
2.9%
1946Ben Carneval
2%
1948Bill Henderson
2%
1951Jack Gardner
2%
1958John Castellani
2%
1941Jack Friel
1%
1942O. B. Cowles
1%
1943Elmer Ripley
1%
1945Howard Cann
1%
1947Bruce Drake
1%

You're not logged in!

Compare scores with friends on all Sporcle quizzes.
OR
Log In

You Might Also Like...

Show Comments

Extras

Top Quizzes Today


Score Distribution

Your Account Isn't Verified!

In order to create a playlist on Sporcle, you need to verify the email address you used during registration. Go to your Sporcle Settings to finish the process.

Report this User

Report this user for behavior that violates our Community Guidelines.

Details: